[Event "Yvelines-ch"]
[Site "Fontenay le Fleury"]
[Date "2003.02.16"]
[Round "7.37"]
[White "Jmaiel, Wajeh"]
[Black "Sancey, Frederic"]
[Result "0-1"]
[WhiteElo "1009"]
[BlackElo "1050"]
[PlyCount "58"]
[EventDate "2003.02.17"]
[EventType "swiss"]
[EventRounds "7"]
[EventCountry "FRA"]
[SourceTitle "EXT 2004"]
[Source "ChessBase"]
[SourceDate "2003.11.25"]
[SourceVersion "1"]
[SourceVersionDate "2003.11.25"]
[SourceQuality "1"]

1. e4 g6 2. Nc3 Bg7 3. Bc4 Nf6 4. Nf3 0-0 5. 0-0 e6 6. d3 b6 7. Be3 Bb7 8. e5 Ng4 9. Bg5 f6 10. Bh4 g5 11. Bg3 fxe5 12. h3 Nf6 13. Bxe5 d6 14. Bd4 Nbd7 15. Re1 g4 16. hxg4 Bxf3 17. gxf3 Qe8 18. Bxe6+ Kh8 19. Nb5 Qg6 20. Nxc7 Nxg4 21. fxg4 Bxd4 22. Rf1 Rf6 23. Bd5 Rg8 24. Bxg8 Qxg8 25. c3 Be5 26. d4 Bf4 27. c4 Rh6 28. g5 Qxg5+ 29. Qg4 Qxg4# 0-1